Вычисление сопротивления воды на некоторые суда нашего флота, по формуле г-на Бурачка. [2]$90: [2] (Запись № 4411732)

Подробности
000 -МАРКЕР
контрольное поле 01330nam2a22002651 4500
001 - ИДЕНТИФИКАТОР ЗАПИСИ
контрольное поле v19\rc\1294897
005 - ИДЕНТИФИКАТОР ВЕРСИИ
контрольное поле 20250618015400.0
035 ## - ДРУГИЕ СИСТЕМНЫЕ НОМЕРА
Идентификатор записи (NLR Aleph) 004441704
100 ## - ДАННЫЕ ОБЩЕЙ ОБРАБОТКИ
Данные общей обработки 20060306e18611861|||y0rusy50 ca
101 0# - ЯЗЫК РЕСУРСА
Язык текста, звукозаписи и т.д. русский
102 ## - СТРАНА ПУБЛИКАЦИИ ИЛИ ПРОИЗВОДСТВА
Страна публикации Российская Федерация
105 ## - ПОЛЕ КОДИРОВАННЫХ ДАННЫХ: ТЕКСТОВЫЕ МАТЕРИАЛЫ, МОНОГРАФИЧЕСКИЕ
Кодированные данные о монографическом текстовом документе y z |||||
200 0# - ЗАГЛАВИЕ И СВЕДЕНИЯ ОБ ОТВЕТСТВЕННОСТИ
Основное заглавие [2]
Сведения, относящиеся к заглавию Окончание
210 ## - ПУБЛИКАЦИЯ, РАСПРОСТРАНЕНИЕ И ДР.
Дата издания, распространения и т.д. [1861]
Место издания, распространения и т.д. Б. м.
215 ## - ФИЗИЧЕСКАЯ ХАРАКТЕРИСТИКА
Специфическое обозначение материала и объем 31 с.
311 ## - ПРИМЕЧАНИЯ, ОТНОСЯЩИЕСЯ К ПОЛЯМ СВЯЗИ (ПРИМЕЧАНИЯ О СВЯЗИ С ДРУГИМИ ПРОИЗВЕДЕНИЯМИ (ИЗДАНИЯМИ))
Текст примечания Из "Мор. сб." № 7, 1861 г.
461 #0 - УРОВЕНЬ НАБОРА
Встроенное поле 001v19\rc\1294895
-- 2001#$aВычисление сопротивления воды на некоторые суда нашего флота, по формуле г-на Бурачка$e[1-2$f[Н.Н. Огронович]$v[2]$90
-- 700#1$aОгранович$bН.Н.$gНиколай Николаевич
Системный номер (АБИС) связанной записи 4411711
Автор Огранович, Н.Н.
Место публикации Санкт-Петербург]
Дата публикации [1861]
Первые сведения об ответственности [Н.Н. Огронович]
Имя издателя, распространителя и т.д. тип. Мор. м-ва
Сведения, относящиеся к заглавию [1-2
Физическая характеристика 2 отт.
Заглавие Вычисление сопротивления воды на некоторые суда нашего флота, по формуле г-на Бурачка
Номер тома [2]$90
488 #0 - ДРУГИЕ ВЗАИМОСВЯЗАННЫЕ ПРОИЗВЕДЕНИЯ (ДОКУМЕНТЫ)
Встроенное поле 2001#$aМорской сборник$v1861, № 7
Заглавие Морской сборник
801 #0 - ИСТОЧНИК ЗАПИСИ
Страна Российская Федерация
Организация NLR
Правила каталогизации psbo
801 #0 - ИСТОЧНИК ЗАПИСИ
Страна Российская Федерация
Организация RuMoRGB
Источник данных psbo
801 #1 - ИСТОЧНИК ЗАПИСИ
Страна Российская Федерация
Организация ProSoft-M
Источник данных rusmarc
852 ## - МЕСТОНАХОЖДЕНИЕ И ШИФР ХРАНЕНИЯ
Идентификатор организации NLR
Шифр хранения (Call Number) 18.109.2.152
942 ## - ДОПОЛНИТЕЛЬНЫЕ ЭЛЕМЕНТЫ ЗАПИСИ (АБИС)
Тип экземпляра АБИС Книга
980 ## - КОЛЛЕКЦИЯ
Название коллекции Национальная библиография
Экземпляры
Тип экземпляра Дата поступления Библиотека постоянного хранения Библиотека текущего хранения Место хранения Шифр хранения Штрих-код Статус экземпляра
Книга 26.10.2013 РНБ (Садовая) РНБ (Садовая) Русский книжный фонд -Главное здание, Ленинский читальный зал 18.109.2.152 4441704-10